Female Anime Characters - Sudden Death - Statistics

General Stats
  • This quiz has been taken 317 times
  • The average score is 9 of 14
Answers on the Grid
Answers color-coded by a green-red scale on the quiz's grid according to % correct below.
Fujiko Mine
Meliodas
Gintoki Sakata
Vash the Stampede
Spike Spiegel
Jolyne Cujoh
Yōko Shiraki
Sailor Moon
Askeladd
Daisuke Jigen
Kagome Higurashi
Yor Forger
Monkey D. Luffy
Saeko Nogami
Alucard
Pegasus Seiya
Mikasa Ackerman
Kakashi Hatake
Misa Amane
Guts
Taiga Aisaka
Ash Ketchum
Ryo Saeba
Casca
Utena Tenjou
Erza Scarlet
Johan Liebert
Vegeta
Light Yagami
Faye Valentine
 
Answer Stats
Answer % Correct
Sailor Moon
86%
Mikasa Ackerman
84%
Misa Amane
82%
Erza Scarlet
74%
Yor Forger
71%
Faye Valentine
66%
Jolyne Cujoh
57%
Taiga Aisaka
56%
Fujiko Mine
54%
Saeko Nogami
50%
Yōko Shiraki
49%
Casca
44%
Utena Tenjou
41%
Kagome Higurashi
40%
No matching quizzes found
Score Distribution
Percent of People with Each Score
Percentile by Number Answered
Your Score History
You have not taken this quiz